00313pab a2200121 454500008004000000100001500040245006500055260000900120300001400129362000800143650001800151773002200169180718b2003 xxu||||| |||| 00| 0 eng d aXia, Guang aGlobalization of odds with Americanization: (a review essay) c2003 ap.709-18. aNov aGlobalization aCurrent Sociology